Loreto College Library, Kolkata
WEBOPAC (ONLINE PUBLIC ACCESS CATALOGUE)

Emperors of the peacock throne (Record no. 37857)

MARC details
000 -LEADER
fixed length control field 00633nam a2200205Ia 4500
008 - FIXED-LENGTH DATA ELEMENTS--GENERAL INFORMATION
fixed length control field 140110s9999 xx 000 0 und d
020 ## - ISBN | অাই এস বি এন
ISBN | অাই এস বি এন 9780141001432
PRICE Rs.550.00
040 ## - CATALOGING SOURCE
Original cataloging agency Loreto College
041 ## - LANGUAGE CODE
Language code English
082 ## - DDC | ডিউই
Classification number | বর্গসংখ্যা 954.02/ERA
Book Number | গ্রন্থাঙ্ক LCLIB/49176
100 ## - MAIN ENTRY--PERSONAL NAME | মুখ্য সংলেখ - ব্যাক্তিনাম
Personal name | ব্যাক্তিনাম Eraly,Abraham
245 ## - TITLE STATEMENT | অাখ্যা বিবরণী
Title | অাখ্যা Emperors of the peacock throne
Sub title | উপঅাখ্যা The saga of the great mughals
Statement of responsibility | লেখকের দায়িত্বের বিবরণ Abraham Eraly
260 ## - IMPRINT | প্রকাশনা ক্ষেত্র
Place of publication | প্রকাশ স্থান New Delhi
Name of publisher | প্রকাশকের নাম Penguin Books
Date of publication | প্রকাশ কাল 2000
300 ## - PHYSICAL DESCRIPTION |
Page / Vol. No | পৃষ্ঠা / খন্ড সংখ্যা xviii,555p
504 ## - BIBLIOGRAPHY, ETC. NOTE
Bibliography, etc Includes bibliographical references and index
650 ## - SUBJECT ADDED ENTRY--TOPICAL TERM | বিষয় শিরোনাম - মূল বিষয়
Topical term | মূল বিষয় Mughals-History
651 ## - SUBJECT ADDED ENTRY--GEOGRAPHIC NAME | বিষয় শিরোনাম - ভৌগলিক নাম
Geographic name | ভৌগলিক বিষয় India-History-Medieval
850 ## - HOLDING INSTITUTION
Holding institution LCLIB/954.02/ERA
942 ## - ADDED ENTRY ELEMENTS (KOHA)
Koha item type Books
Holdings
Withdrawn status Lost status Damaged status Not for loan Home library Current library Date acquired Total Checkouts Full call number Accession No. Checked out Date last seen Date checked out Price effective from Koha item type
        Loreto College Loreto College 04/11/2013 10 954.02/ERA LCLIB/49176 B41166 04/02/2023 05/01/2023 05/01/2023 04/11/2013 Books